LEADER 01016nam0 2200289 450 001 000028542 005 20111215132652.0 100 $a20111215d2008----km-y0itay50------ba 101 0 $aita 102 $aIT 105 $ay-------001yy 200 1 $a<>immigrati$eintegrazione scolastica, attese rispetto al lavoro$ele valutazioni del CNEL$e26 giugno 2008$fCNEL, Consiglio Nazionale dell'Economia e del Lavoro 210 $aRoma$cCNEL$d2008 215 $a203 p.$d24 cm$e1 cd-rom 225 2 $aDocumenti CNEL$v9 308 $aDal 2001 nuova veste tipografica e riavvio della numerazione. Nuovo riavvio della numerazione nel 2006 410 0$12001$aDocumenti CNEL 500 10$a<>immigrati$941967 610 1 $aImmigrati$aItalia$aIntegrazione 676 $a325.45$v21 676 $a305.906912$v21 710 02$aCNEL$0353588 801 0$aIT$bUNIPARTHENOPE$c20111215$gRICA$2UNIMARC 912 $a000028542 951 $aCNEL/D 331/9$b43075$cNAVA1$d2011 996 $aImmigrati$941967 997 $aUNIPARTHENOPE